Statistics for State Quiz - Indiana

Click here to take the quiz!

General Stats

  • This quiz has been taken 12,256 times
    (7,863 since last reset)
  • The average score is 13 of 20

Answer Stats

HintAnswer% Correct
Capital of IndianaIndianapolis
98%
Biggest lake bordering IndianaLake Michigan
90%
Famous auto race held since 1911The Indianapolis 500
82%
A person from Indiana is called a ...Hoosier
80%
River on the southern borderOhio River
75%
What Orville Redenbacher was famous forPopcorn
71%
Six U.S. Vice Presidents were born in Indiana. Name the two most recent.Mike Pence
70%
Michael Jackson's hometownGary
70%
University in South BendNotre Dame
70%
Sitcom, starring Amy Poehler, set in IndianaParks and Recreation
68%
Comic strip created by Indiana native Jim DavisGarfield
63%
Singer of the songs "Small Town" and "Jack and Diane"John Mellencamp
56%
City in Indiana which shares its name with an island from a Beach Boys songKokomo
56%
Basketball legend from the town of French LickLarry Bird
55%
University in West LafayettePurdue
55%
Second biggest cityFort Wayne
52%
Author of "Slaughterhouse-Five" and "Slapstick"Kurt Vonnegut
48%
City home to the main campus of Indiana UniversityBloomington
46%
Six U.S. Vice Presidents were born in Indiana. Name the two most recent.Dan Quayle
41%
State motto{Crossroads} of America
37%

Score Distribution

Percentile by Number Answered

Percent of People with Each Score

Your Score History

You have not taken this quiz since the last reset